000 01226nam a2200301 a 4500
001 ebr10103792
003 CaPaEBR
006 m u
007 cr cn|||||||||
008 040325s2004 nyua sb 001 0 eng
010 _z 2004045424
020 _z140394220X
040 _aCaPaEBR
_cCaPaEBR
035 _a(OCoLC)559943310
050 1 4 _aHD30.2
_b.C47445 2004eb
082 0 4 _a658.4/038
_222
100 1 _aChini, Tina C.,
_d1979-
245 1 0 _aEffective knowledge transfer in multinational corporations
_h[electronic resource] /
_cTina C. Chini.
260 _aHoundmills, Basingstoke, Hampshire ;
_aNew York :
_bPalgrave Macmillan,
_c2004.
300 _axvi, 184 p. :
_bill.
504 _aIncludes bibliographical references (p. 159-169) and index.
533 _aElectronic reproduction.
_bPalo Alto, Calif. :
_cebrary,
_d2013.
_nAvailable via World Wide Web.
_nAccess may be limited to ebrary affiliated libraries.
650 0 _aKnowledge management.
650 0 _aInternational business enterprises.
655 7 _aElectronic books.
_2local
710 2 _aebrary, Inc.
856 4 0 _uhttp://site.ebrary.com/lib/rucke/Doc?id=10103792
_zAn electronic book accessible through the World Wide Web; click to view
999 _c206450
_d206450